Statistics for Spell the Marvel Character #116

Click here to take the quiz!

General Stats

  • This quiz has been taken 10 times
  • The average score is 4 of 6

Answer Stats

Answer% Correct
Star-lord
100%
Rogue
90%
Outlaw
50%
Storm
50%
Mass Master
40%
Thunderstrike
40%

Score Distribution

Percentile by Number Answered

Percent of People with Each Score

Your Score History

You have not taken this quiz